| 000 | 00571nam a22002177a 4500 | ||
|---|---|---|---|
| 003 | OSt | ||
| 005 | 20220107122756.0 | ||
| 008 | 150122b xxu||||| |||| 00| 0 eng d | ||
| 020 | _a9781466585263 | ||
| 040 | _cIIITMK | ||
| 082 | _a006.66 TEL/D | ||
| 100 |
_aAlexandru, Talea _96084 |
||
| 245 | _aData visualization: Principles and practice | ||
| 250 | _a2nd ed. | ||
| 260 |
_aBoca Raton _bCRC Press _c2015 |
||
| 300 | _axii, 605p. | ||
| 650 |
_aCOMPUTER SCIENCE _96085 |
||
| 650 |
_aDATA VISUALIZATION _96113 |
||
| 650 |
_aCOMPUTER GRAPHICS _96089 |
||
| 942 |
_2ddc _cBK |
||
| 999 |
_c4520 _d4520 |
||